[Event "36th Olympiad"]
[Site "Calvia ESP"]
[Date "2004.10.29"]
[Round "14"]
[White "Gelashvili,T"]
[Black "Lputian,S"]
[Result "0-1"]
[WhiteElo "2576"]
[BlackElo "2634"]
[EventDate "2004.10.15"]

1. d4 d5 2. c4 e6 3. Nc3 Be7 4. Nf3 Nf6 5. Bg5 h6 6. Bh4 O-O 7. e3 b6 8.
Bd3 Bb7 9. O-O Nbd7 10. Bg3 c5 11. cxd5 Nxd5 12. Nxd5 Bxd5 13. Rc1 cxd4 14.
Bc7 Qe8 15. e4 Bb7 16. Nxd4 Rc8 17. Bb5 Bc5 18. Bg3 a6 19. Ba4 Bxe4 20. Re1
Bd5 21. Nf5 Qd8 22. Bh4 Nf6 23. Ne3 b5 24. Bc2 Bb4 25. Ng4 Bxe1 26. Nxf6+
gxf6 27. Qg4+ Kh8 28. Qf4 Bd2 29. Qxd2 Kg7 30. Qd3 Rh8 31. Rd1 Qc7 32. Bb1
Qe5 0-1

[Event "36th Olympiad"]
[Site "Calvia ESP"]
[Date "2004.10.29"]
[Round "14"]
[White "Delchev,A"]
[Black "Sasikiran,K"]
[Result "1/2-1/2"]
[WhiteElo "2601"]
[BlackElo "2668"]
[EventDate "2004.10.15"]

1. e4 c5 2. Nf3 Nc6 3. d4 cxd4 4. Nxd4 Nf6 5. Nc3 d6 6. Bg5 e6 7. Qd2 a6 8.
O-O-O Bd7 9. f4 Be7 10. Nf3 b5 11. Bxf6 gxf6 12. Kb1 Qb6 13. g3 O-O-O 14.
Qe1 Kb8 15. f5 Rhe8 16. fxe6 fxe6 17. Bh3 Bf8 18. Ne2 Bc8 19. Nf4 Bg7 20.
Rf1 Re7 21. Qf2 Qc7 22. c3 Qb7 23. Rfe1 Ne5 24. Nd4 Rde8 25. Nb3 Qc7 26.
Bf1 Bb7 27. Bh3 Nc4 28. Nh5 Bh8 29. Nf4 f5 30. exf5 exf5 31. Rxe7 Qxe7 32.
Bxf5 b4 33. Bd3 Ne3 34. Rc1 bxc3 35. bxc3 Qc7 36. Qd2 Re7 37. Nd4 Nc4 38.
Bxc4 Qxc4 39. Ka1 Be4 40. Nb3 Be5 41. Ne2 Rb7 42. Ned4 Qa4 43. Rf1 Bg7 44.
Re1 Bd5 45. Rb1 Be4 46. Rb2 Kc8 47. Qf4 Bg6 48. Qxd6 Qc4 49. Qc5+ Qxc5 50.
Nxc5 Rc7 51. Rb8+ Kxb8 52. Nxa6+ Kb7 53. Nxc7 Bxd4 54. cxd4 Kxc7 55. Kb2
Kc6 56. Kc3 Kd5 57. a4 Bf5 58. a5 Bc8 59. Kd3 Ba6+ 60. Ke3 Bc8 61. h4 h5
62. Kf4 Kxd4 63. Kg5 Bg4 64. a6 Ke5 65. a7 Bf3 66. g4 1/2-1/2

[Event "36th Olympiad"]
[Site "Calvia ESP"]
[Date "2004.10.29"]
[Round "14"]
[White "Kunte,A"]
[Black "Cheparinov,I"]
[Result "1-0"]
[WhiteElo "2550"]
[BlackElo "2576"]
[EventDate "2004.10.15"]

1. d4 d5 2. c4 c6 3. Nc3 Nf6 4. e3 e6 5. Nf3 Nbd7 6. Bd3 dxc4 7. Bxc4 b5 8.
Bd3 Bb7 9. e4 b4 10. Na4 c5 11. e5 Nd5 12. dxc5 Nxc5 13. Bb5+ Nd7 14. Bg5
Qa5 15. Bxd7+ Kxd7 16. O-O h6 17. Bd2 Bc6 18. b3 Qa6 19. Nb2 Bb5 20. Re1
Bc5 21. Be3 Rhc8 22. Bxc5 Rxc5 23. Nd2 Rac8 24. Ne4 R5c6 25. Nd6 Rxd6 26.
exd6 Qb6 27. Qf3 f5 28. Rad1 Qxd6 29. Qh5 Qf8 30. Qh4 Rc2 31. Nc4 Qf6 32.
Qf4 Kc8 33. Nd6+ Kd7 1-0

[Event "36th Olympiad"]
[Site "Calvia ESP"]
[Date "2004.10.29"]
[Round "14"]
[White "Papaioannou,I"]
[Black "Gashimov,V"]
[Result "1/2-1/2"]
[WhiteElo "2577"]
[BlackElo "2586"]
[EventDate "2004.10.15"]

1. Nf3 c5 2. c4 e6 3. g3 Nf6 4. Bg2 d5 5. d4 dxc4 6. O-O Nc6 7. dxc5 Qxd1
8. Rxd1 Bxc5 9. Nbd2 c3 10. bxc3 Bd7 11. Nb3 Be7 12. c4 O-O 13. Bb2 Rfd8
14. Ne5 Rac8 15. Nxc6 Bxc6 16. Bxc6 Rxc6 17. Na5 Rxd1+ 18. Rxd1 Ra6 19.
Nxb7 Rxa2 20. Rb1 Ne4 21. Bd4 Nd2 22. Rc1 Nb3 23. Rd1 h5 24. Be3 a5 25. c5
Rc2 26. Rd7 Bf6 27. Rc7 Kh7 28. Rc8 h4 29. gxh4 Bd4 30. Nxa5 Bxe3 31. Nxb3
Rc3 32. fxe3 Rxb3 33. Kf2 Rb4 34. h5 Rh4 35. Kg3 Rxh5 36. e4 Kg6 37. h4 Kf6
38. c6 Rc5 39. Kf4 e5+ 40. Kg4 Rc4 41. Kf3 Rc3+ 42. Kf2 g6 43. e3 Rc2+ 44.
Kf3 Rc4 45. c7 Rc2 46. Kg3 1/2-1/2

[Event "36th Olympiad"]
[Site "Calvia ESP"]
[Date "2004.10.29"]
[Round "14"]
[White "Macieja,B"]
[Black "Dautov,R"]
[Result "1/2-1/2"]
[WhiteElo "2613"]
[BlackElo "2623"]
[EventDate "2004.10.15"]

1. d4 Nf6 2. Nf3 e6 3. Bg5 c5 4. c3 h6 5. Bh4 cxd4 6. cxd4 Qb6 7. Qc2 Nc6
8. Bxf6 gxf6 9. e3 d5 10. Nc3 Bd7 11. Be2 Rc8 12. O-O Na5 13. Rab1 Bg7 14.
e4 dxe4 15. Qxe4 O-O 16. Qh4 f5 17. Ne5 Qd8 18. Qg3 Nc6 19. Nxc6 Bxc6 20.
d5 exd5 21. Nb5 Ra8 22. Nd6 Qf6 23. Qf4 Qg5 24. Qxg5 hxg5 25. Nxf5 Rfe8 26.
Bf3 Bf6 27. Rfd1 Rad8 28. g4 Re6 29. Rd2 d4 30. Bxc6 Rxc6 31. Rbd1 Ra6 32.
b3 Ra3 33. Rc2 Be5 34. Rd3 f6 35. h4 gxh4 36. Nxh4 Kf7 37. Ng2 a5 38. f4
Bb8 39. Kf2 a4 40. Kf3 Rh8 41. Kg3 Re8 42. Rc4 Rxa2 43. Rxa4 Rxa4 44. bxa4
Ba7 45. Nh4 Rc8 46. Kf3 Rc4 47. a5 Bc5 48. Ke4 Ra4 49. Rb3 Rb4 1/2-1/2

[Event "36th Olympiad"]
[Site "Calvia ESP"]
[Date "2004.10.29"]
[Round "14"]
[White "Gareev,T"]
[Black "Jenni,F"]
[Result "1-0"]
[WhiteElo "2525"]
[BlackElo "2503"]
[EventDate "2004.10.15"]

1. d4 Nf6 2. c4 e6 3. Nf3 b6 4. Nc3 Bb4 5. Bg5 Bb7 6. e3 h6 7. Bh4 Bxc3+ 8.
bxc3 d6 9. Nd2 e5 10. f3 Qe7 11. e4 Nc6 12. d5 Nb8 13. c5 dxc5 14. Nc4 O-O
15. Ne3 Bc8 16. Bd3 Rd8 17. Qd2 c6 18. O-O g5 19. Bf2 cxd5 20. exd5 Nxd5
21. Nxd5 Rxd5 22. Bh7+ Kxh7 23. Qxd5 Bb7 24. Qd3+ Kg7 25. Rad1 Nc6 26. Qd7
Re8 27. Rd6 Na5 28. Rfd1 Nc4 29. Qxe7 Rxe7 30. Rd7 Kf6 31. Rd8 Bc6 32. h4
Ba4 33. R1d5 Ke6 34. h5 Rc7 35. Rd3 Rd7 36. R3xd7 Bxd7 37. Rh8 Kf6 38. Bxc5
bxc5 39. Rxh6+ Kg7 40. Ra6 Be6 41. Rxa7 e4 42. fxe4 1-0

[Event "36th Olympiad"]
[Site "Calvia ESP"]
[Date "2004.10.29"]
[Round "14"]
[White "Rozentalis,E"]
[Black "Dizdarevic,E"]
[Result "1/2-1/2"]
[WhiteElo "2595"]
[BlackElo "2538"]
[EventDate "2004.10.15"]

1. e4 d5 2. exd5 Qxd5 3. Nc3 Qd8 4. d4 Nf6 5. Bc4 a6 6. Nf3 b5 7. Bb3 c5 8.
dxc5 Qxd1+ 9. Kxd1 e6 10. Be3 Bb7 11. a4 b4 12. Na2 Ng4 13. Nxb4 Nxe3+ 14.
fxe3 Bxc5 15. c3 Bxe3 16. Nd5 Bxd5 17. Bxd5 Ra7 18. Re1 Bf4 19. Kc2 O-O 20.
Bc4 a5 21. Re4 Bd6 22. Rd1 Be7 23. Ne5 g6 24. Bb5 Kg7 25. b4 f5 26. Rc4 Kf6
27. Nc6 Nxc6 28. Bxc6 Rd8 29. b5 Rxd1 30. Kxd1 Bd8 31. Rd4 Bb6 32. Rd3 h5
33. h4 Rg7 34. c4 Rg8 35. Bb7 Ke7 36. Ke2 1/2-1/2

[Event "36th Olympiad"]
[Site "Calvia ESP"]
[Date "2004.10.29"]
[Round "14"]
[White "Azarov,S"]
[Black "Campora,D"]
[Result "1/2-1/2"]
[WhiteElo "2556"]
[BlackElo "2549"]
[EventDate "2004.10.15"]

1. e4 e5 2. Nf3 Nc6 3. Bb5 Nf6 4. d3 d6 5. c3 Bd7 6. Nbd2 g6 7. Nf1 Bg7 8.
Ng3 O-O 9. a4 a6 10. Bc4 Na5 11. Ba2 c5 12. O-O b5 13. axb5 axb5 14. Bg5 h6
15. Bxf6 Bxf6 16. Bd5 Bc6 17. b4 Bxd5 18. exd5 cxb4 19. cxb4 e4 20. Rxa5
Rxa5 21. bxa5 exf3 22. Qxf3 Bg7 23. Qf4 Qxa5 24. Qxd6 b4 25. Rb1 Bc3 26.
Ne4 Rd8 27. Qe7 Qxd5 28. Qxb4 Ra8 1/2-1/2

[Event "36th Olympiad"]
[Site "Calvia ESP"]
[Date "2004.10.29"]
[Round "14"]
[White "Paragua,M"]
[Black "Ruck,R"]
[Result "1-0"]
[WhiteElo "2534"]
[BlackElo "2562"]
[EventDate "2004.10.15"]

1. e4 c6 2. c4 d5 3. exd5 cxd5 4. cxd5 Nf6 5. Nc3 Nxd5 6. Nf3 Nxc3 7. bxc3
g6 8. d4 Bg7 9. Bd3 O-O 10. O-O Nc6 11. Re1 Bg4 12. Be4 Qa5 13. Bd2 e6 14.
Rb1 Rab8 15. a4 a6 16. h3 Bxf3 17. Bxf3 Qc7 18. Qc1 b5 19. axb5 Rxb5 20.
Rxb5 axb5 21. Bf4 Qb6 22. Qa3 b4 23. Qa4 Rc8 24. Rb1 e5 25. dxe5 Nxe5 26.
cxb4 Nxf3+ 27. gxf3 Bd4 28. Bg3 Kg7 29. b5 Rc3 30. Rd1 Bf6 31. Rd6 Qc5 32.
Qf4 Qf5 33. Qxf5 gxf5 34. b6 Rb3 35. Bf4 Rb4 36. Be3 f4 37. Bd2 Rb1+ 38.
Kg2 Be5 39. Rd5 Kf6 40. Ba5 Ke6 41. Rc5 Bd6 42. Rh5 Be5 43. Rh6+ Kf5 44.
Rxh7 Kg6 45. Rh4 Rb5 46. Bd2 Rxb6 47. Bxf4 Bxf4 48. Rxf4 Rb1 49. Rg4+ Kf5
50. h4 Rb8 51. Kg3 Rb1 52. h5 Rh1 53. Rh4 Rg1+ 54. Kh2 Rg7 55. h6 Rh7 56.
Kg3 Kg5 57. f4+ Kg6 58. Kf3 Kf5 59. Rh2 Kg6 60. Ke4 f6 61. Rg2+ Kf7 62.
Rg7+ 1-0

[Event "36th Olympiad"]
[Site "Calvia ESP"]
[Date "2004.10.29"]
[Round "14"]
[White "Ibarra Jerez,JC"]
[Black "Lane,G"]
[Result "1/2-1/2"]
[WhiteElo "2423"]
[BlackElo "2442"]
[EventDate "2004.10.15"]

1. e4 e5 2. Nf3 Nc6 3. Bb5 a6 4. Bxc6 dxc6 5. O-O Bd6 6. d4 exd4 7. Qxd4 f6
8. Be3 Be6 9. Nbd2 Ne7 10. Qc3 Ng6 11. Nd4 Qe7 12. a3 O-O 13. f4 f5 14. g3
Qd7 15. e5 Be7 16. Nxe6 Qxe6 17. Qb3 Qxb3 18. Nxb3 b6 19. Rfd1 c5 20. c4
Rfd8 21. Kf2 Nf8 22. Ke2 Ne6 23. h3 Bf8 1/2-1/2

[Event "36th Olympiad"]
[Site "Calvia ESP"]
[Date "2004.10.29"]
[Round "14"]
[White "Cubas Pons,Ju"]
[Black "Weber,Je"]
[Result "1-0"]
[WhiteElo "2220"]
[BlackElo "2232"]
[EventDate "2004.10.15"]

1. e4 c5 2. Nf3 d6 3. d4 cxd4 4. Qxd4 Nc6 5. Bb5 Bd7 6. Bxc6 Bxc6 7. Nc3 e6
8. Bg5 Nf6 9. O-O-O Be7 10. Rhe1 O-O 11. Kb1 Qc7 12. Qd3 Rfd8 13. Nd4 Rac8
14. f4 h6 15. h4 d5 16. e5 Ng4 17. Qg3 h5 18. f5 Bxg5 19. hxg5 Qd7 20. f6
g6 21. Rh1 Qc7 22. Rde1 Qb6 23. Qxg4 hxg4 24. Rh4 1-0

[Event "36th Olympiad"]
[Site "Calvia ESP"]
[Date "2004.10.29"]
[Round "14"]
[White "Zatonskih,A"]
[Black "Hoang Xuan Thanh Khiet"]
[Result "1-0"]
[WhiteElo "2440"]
[BlackElo "2144"]
[EventDate "2004.10.15"]

1. e4 c5 2. Nf3 d6 3. c3 Nf6 4. h3 Nc6 5. Bd3 e6 6. O-O Be7 7. Bc2 O-O 8.
Re1 Qc7 9. d4 b6 10. a3 Rd8 11. Nbd2 Ba6 12. Nf1 cxd4 13. cxd4 Rac8 14. Bd2
Na5 15. Rc1 Qd7 16. Bc3 Nc4 17. Bd3 Bb7 18. Ng3 Rc7 19. Qe2 Rdc8 20. d5 e5
21. Ra1 Na5 22. Nd2 Ba8 23. Bxa5 bxa5 24. Nc4 a4 25. Ne3 Rb8 26. Rac1 Rcb7
27. Rc2 Bd8 28. Rec1 g6 29. Kh2 Bb6 30. Bb5 Qd8 31. Bxa4 Bd4 32. Nc4 Rc7
33. b4 h5 34. Qf3 Nh7 35. Na5 Ng5 36. Qe2 Re7 37. Qd2 f6 38. f3 h4 39. Ne2
Bf2 40. Bc6 Qb6 41. Qd3 Be3 42. Nc4 Qd8 43. Qxe3 Bxc6 44. dxc6 Rc8 45. b5
Nf7 46. Rd1 Re6 47. Rcd2 Rc7 48. a4 f5 49. Kh1 Qf6 50. Nc3 Qd8 1-0